Nepoleon and the awakening of Europe / (Record no. 1947)

MARC details
000 -LEADER
fixed length control field 00567nam a2200181 a 4500
003 - CONTROL NUMBER IDENTIFIER
control field BD-DhJNU
005 - DATE AND TIME OF LATEST TRANSACTION
control field 20250727071032.0
008 - FIXED-LENGTH DATA ELEMENTS--GENERAL INFORMATION
fixed length control field 250501s1954 ii a b 001 0 eng
040 ## - CATALOGING SOURCE
Original cataloging agency BD-DhJNU
Language of cataloging ENG
Transcribing agency BD-DhJNU
Modifying agency BD-DhJNU
082 00 - DEWEY DECIMAL CLASSIFICATION NUMBER
Classification number 944.05 MAN
Edition number 23
100 1# - MAIN ENTRY--PERSONAL NAME
Personal name Markham, F. M. H.
245 10 - TITLE STATEMENT
Title Nepoleon and the awakening of Europe /
Statement of responsibility, etc. F. M. H. Markham
260 ## - PUBLICATION, DISTRIBUTION, ETC.
Place of publication, distribution, etc. London :
Name of publisher, distributor, etc. English Universities Press,
Date of publication, distribution, etc. 1954.
300 ## - PHYSICAL DESCRIPTION
Extent vii, 184 p. :
Other physical details ill. ;
Dimensions 20 cm.
504 ## - BIBLIOGRAPHY, ETC. NOTE
Bibliography, etc. note Includes bibliographical references and index.
650 #0 - SUBJECT ADDED ENTRY--TOPICAL TERM
Topical term or geographic name entry element Europe -- History
942 ## - ADDED ENTRY ELEMENTS (KOHA)
Koha item type Books
Holdings
Withdrawn status Lost status Source of classification or shelving scheme Damaged status Not for loan Collection Home library Current library Shelving location Date acquired Source of acquisition Total checkouts Full call number Barcode Date last seen Copy number Price effective from Koha item type
    Dewey Decimal Classification     Non-fiction Jagannath University Central Library Jagannath University Central Library General stacks 07/27/2025 Purchased   944.05 MAN JNUCL9107 07/27/2025 1 07/27/2025 Books